00955nam a2200313 c 4500001000200000003000900002005001700011008003600028020001500064040002700079080000600106082002600112100004000138245008400178250001300262260004800275300002600323336003200349337003100381490001800412648000600430650003500436650003500471655003000506655002500536655000600561700002400567700005000591 DO-SdBNP20240718114355.0170403s2006 sp a|||| 000 1 spa  a8421694278 aBPMSU bspacBPMSU e  a  4a863.6bL864u 20062221 aLópez Narváez, Conchad1939-0 13aUn puñado de miedos /cConcha López Narváez, dibujos de Rafael Salmerón a5a. ed.  aLeón, España :bEditorial Everest.c200 a169 p.;bil. ;c21 cm aTexto (visual)2isbdcontent asin mediación2isbdmedia0 aCuentos,v156 a  4aCuentos juveniles españoles  4aliteratura juvenil española  7aLibros infantiles2tgfbne 4aLibros ilustrados2  42 1 aSalmerón, Carmelo1 aSalmerón López, Rafaeld1972-eilustrador